00763nam a2200193 a 450000100060000000300090000600800410001502000150005604000280007108200170009910000220011624500500013826000380018830000110022649000260023750502430026365000260050665000370053219207CO-ViMGA141112s2004 ck r 000 u spa d a8471124702 aCO-ViMGAbspacCO-ViMGA04a302.23 B824e1 aBuckingham, David10aCrecer en la era de los medios electrónicos aMadrid : bEdiciones Morata; 2002 a247 p. aEducación crítica aEn busca del niño : construcción de la infancia, representación de la infancia Generación electrónica Infancias medáticas cambiantes los niños contemplan la violencia los niños como consumidores Los niños como ciudadanas14aINFANCIA - TECNOLOGIA14aMEDIOS DE COMUNICACION - NIÑOS